All men are lonely now

Novela de thriller sobre la guerra fría, donde el protagonista, David Lancaster, un agente del departamento de Control de Armas, se ve envuelto en una investigación cuando la información que se ocultaba en su departamento es robada y ahora deberá descubrir quién ha estado vendiendo la información y...

Celý popis

Uloženo v:
Podrobná bibliografie
Hlavní autor: Cliffrod, Francis
Médium: Kniha
Jazyk:Undetermined
Vydáno: Londres, Inglaterra The Companion Book Club 1967
Témata:
Tagy: Přidat tag
Žádné tagy, Buďte první, kdo vytvoří štítek k tomuto záznamu!

MARC

LEADER 00000nam a2200000Ia 4500
008 170316s9999 xx 000 0 und d
040 |a cru BVZT 
090 |a 820 C-9a 
100 |a Cliffrod, Francis 
245 |a All men are lonely now 
260 |a Londres, Inglaterra 
260 |b The Companion Book Club 
260 |c 1967 
300 |a 224 páginas 
520 |a Novela de thriller sobre la guerra fría, donde el protagonista, David Lancaster, un agente del departamento de Control de Armas, se ve envuelto en una investigación cuando la información que se ocultaba en su departamento es robada y ahora deberá descubrir quién ha estado vendiendo la información y la razón de su traición al departamento. 
650 |a LITERATURA INGLESA  |9 12 
650 |a NOVELA  |9 13 
999 |c 6803  |d 6803 
942 |c 15 D  |h 820 C-9a  |2 z